International business from the central european perspective
Guardado en:
| Otros Autores: | , |
|---|---|
| Formato: | Libro |
| Lenguaje: | inglés |
| Publicado: |
Zagreb
University of Zagreb - Faculty of Economics and Business
2014
|
| Materias: | |
| Etiquetas: |
Sin Etiquetas, Sea el primero en etiquetar este registro!
|
MARC
| LEADER | 00000nam a2200000 4500 | ||
|---|---|---|---|
| 001 | 0190333 | ||
| 005 | 20240109074711.6 | ||
| 020 | |a 978-953-6025-89-3 | ||
| 041 | 0 | |a eng | |
| 044 | |a HR | ||
| 245 | 1 | 0 | |a International business from the central european perspective |c edited by Blaženka Knežević and Krzysztof Wach |
| 264 | 1 | |a Zagreb |b University of Zagreb - Faculty of Economics and Business |c 2014 | |
| 300 | |a viii, 146 s. | ||
| 610 | 2 | 0 | |a podnikanie medzinárodné |
| 610 | 2 | 0 | |a Európa |
| 610 | 2 | 0 | |a Európska únia |
| 610 | 2 | 0 | |a Poľsko |
| 610 | 2 | 0 | |a trh medzinárodný |
| 610 | 2 | 0 | |a trh zahraničný |
| 610 | 2 | 0 | |a internacionalizácia ekonomiky |
| 610 | 2 | 0 | |a migrácia |
| 610 | 2 | 0 | |a USA |
| 610 | 2 | 0 | |a marketing medzinárodný |
| 610 | 2 | 0 | |a Chorvátsko |
| 610 | 2 | 0 | |a diverzifikácia |
| 610 | 2 | 0 | |a Afrika |
| 700 | 1 | |a Knežević, Blaženka | |
| 700 | 1 | |a Wach, Krzysztof | |